8 mots dans mots : lac (mort subite) - Statistiques

Statistiques générales
  • Ce quiz a été pris 75 fois
  • Le résultat moyen est 5 sur 8
Answers on the Grid
Answers color-coded by a green-red scale on the quiz's grid according to % correct below.
Utéro-p---entaire
Con---ctualiser
Désen---er
Cra---uiller
Fluvio-g---iaire
Supr---nduction
Remp---er
Abr---dabrantesque
B---kbouler
Extrac---titutionnel
Frac---nner
Fal---ieusement
Intraco---nautaire
Antidép---ement
Racc---agner
Prospecteur-p---ier
 
Statistiques - réponses
Réponse % Correct
Remp---er
78%
Utéro-p---entaire
71%
Antidép---ement
67%
Fluvio-g---iaire
67%
Fal---ieusement
64%
Désen---er
62%
Prospecteur-p---ier
62%
B---kbouler
53%
Aucun quiz correspondant
Distribution des résultats
% des personnes avec chaque résultat
Percentile par nombre de réponses
Votre historique - résultats
Vous n’avez pas pris ce quiz